|
|
|
|
| LEADER |
00000nab a2200000 a 4500 |
| 001 |
vtls000072635 |
| 003 |
SK-MaSNL |
| 005 |
20260305004056.0 |
| 008 |
040806c1980 xo 0 slo |
| 015 |
|
|
|a SNBRB19rr/mm-uuuuu
|
| 035 |
|
|
|a CL0082736
|
| 040 |
|
|
|a SNKBUCL
|b slo
|c SNKBUCL
|e AACR2
|
| 041 |
0 |
|
|a slo
|
| 044 |
|
|
|a xo
|c SK
|
| 080 |
|
|
|a 82:069:885.4
|2 1981
|
| 080 |
|
|
|a 069
|2 1981
|
| 080 |
|
|
|a 82:929:885.4
|2 1981
|
| 080 |
|
|
|a 929 Štúr, Ľudovít
|2 1981
|
| 100 |
1 |
|
|a Ďurech, Karol,
|d 1922-1985
|4 aut
|9 38460
|
| 245 |
1 |
0 |
|a Ľudovít Štúr a jeho odkaz
|c Karol B. Ďurech
|
| 300 |
|
|
|b Fotogr.
|
| 600 |
1 |
7 |
|a Štúr, Ľudovít,
|d 1815-1856
|2 snkbucl
|9 92872
|
| 610 |
2 |
7 |
|a Rodný dom Ľudovíta Štúra a Alexandra Dubčeka
|2 snkbucl
|9 237709
|
| 651 |
|
7 |
|a 5209
|2 snkbucl
|9 278890
|
| 651 |
|
7 |
|a Uhrovec (Slovensko)
|2 snkbucl
|9 29315
|
| 700 |
1 |
|
|a Lašut, Filip,
|d 1945-2012
|4 pht
|9 151668
|
| 773 |
0 |
|
|t Život
|g Roč. 30, č. 44 (1980), s. 58
|
| 850 |
|
|
|a Slovenská národná knižnica v Martine
|a MTA001
|
| 852 |
|
|
|a SNK
|b KIS3GCP
|
| 958 |
|
|
|a LX
|
| 958 |
|
|
|a RK
|
| 999 |
|
|
|c 3233821
|d 3235751
|